000 00446nam a2200133Ia 4500
008 171207s9999 xx 000 0 und d
100 _aSwist, Teresa
245 _aPlatforms, data and children’s rights: Introducing a ‘networked capability approach’
245 _cTeresa Swist, Philippa Collin
260 _c2017
300 _apages 671-85, May 2017
440 _aNew Media & Society
_v19:5
650 _aCHILDREN'S RIGHTS, DIGITAL RIGHTS
999 _c347544
_d347544